Taylor Swift - Paroles illicit affairs - Statistiques

Statistiques générales
  • Ce quiz a été pris 178 fois
  • Le résultat moyen est 204 sur 239
Statistiques - réponses
Hint Réponse % Correct
a
100%
A
100%
me
100%
you
100%
You
100%
you,
100%
Bridge | Outro | Refrain And
99%
and
99%
I
99%
That
98%
that
98%
see
97%
the
97%
The
97%
"baby"
96%
call
96%
don't
96%
Don't
96%
for
96%
For
96%
Look
96%
can
95%
else
95%
"kid"
95%
when
95%
with
95%
about
94%
affairs
94%
anyone
94%
at
94%
can't
94%
illicit
94%
show
94%
this
94%
time
94%
made
93%
that's
93%
thing
93%
know
92%
million
92%
secret
91%
times
91%
language
90%
on
90%
showed
90%
speak
90%
colors
89%
little
89%
they
89%
They
89%
just
88%
lie,
88%
lie
88%
well
88%
would
88%
damn
86%
myself
86%
ruin
86%
be
85%
your
85%
in
84%
one
84%
scream
84%
single
84%
taught
84%
meetings
83%
mess
83%
wanna
83%
fool
82%
idiotic
82%
it
82%
out
82%
Tell
82%
no
81%
him
80%
parking
80%
run
80%
friends
79%
What
79%
what
79%
You'll
79%
you're
79%
dies,
78%
dies
78%
leave
78%
Couplet 2 Leave
78%
But
77%
return
77%
perfume
76%
lots
75%
shelf
75%
Take
75%
truth
75%
are
74%
picked
74%
So
73%
behind
72%
flushed
72%
rooms
72%
beautiful
71%
even
71%
Like
71%
Couplet 1 Make
71%
nobody
71%
sees
71%
started
71%
sure
71%
trace
71%
always
70%
Ends
70%
exist
70%
their
69%
yourself
69%
godforsaken
68%
clandestine
67%
down
67%
stares
67%
words
67%
by
66%
head,
66%
hundred
66%
keep
65%
only
65%
stolen
65%
stop
65%
eyes
64%
few
64%
first
63%
traveled
63%
less
60%
over
60%
road
59%
worked
59%
glance
56%
high
56%
It's
56%
from
55%
drug
54%
longing
53%
born
51%
Hood
50%
mercurial
34%
dwindling,
30%
Aucun quiz correspondant
Distribution des résultats
% des personnes avec chaque résultat
Percentile par nombre de réponses
Votre historique - résultats
Vous n’avez pas pris ce quiz